Wird geladen...

Psychology Moment-by-Moment

Bibliographische Detailangaben
1. Verfasser: Elise E. Labbe
Veröffentlicht: New Harbinger Publications, U.S 2011
LEADER 00206 a2200085 4500
100 |a Elise E. Labbe 
245 |a Psychology Moment-by-Moment 
260 |c 2011  |b New Harbinger Publications, U.S 
942 |c BK  |6 _ 
999 |c 69478  |d 69478